Sports by Picture Quiz - Statistics

General Stats
  • This quiz has been taken 98 times
  • The average score is 12 of 20
Answer Stats
Picture Answer % Correct
Bowling
97%
American Football
96%
Baseball
95%
Ice Hockey
90%
Rugby
86%
Snowboarding
84%
Pool
82%
Fishing
78%
Water Polo
65%
Figure Skating
64%
Pickleball
64%
Curling
57%
Mixed Martial Arts
53%
Discus Throw
49%
Pole Vault
45%
Disc Golf
39%
Kayaking
38%
4 x 100 Meter Relay
31%
Biathlon
26%
Buzkashi
1%
No matching quizzes found
Score Distribution
Percent of People with Each Score
Percentile by Number Answered
Your Score History
You have not taken this quiz